| 000 | 00934cam a2200265 a 4500 | ||
|---|---|---|---|
| 001 | 000015436 | ||
| 005 | 20200929164036.0 | ||
| 008 | 860306s1964 ve b 000 0 spa | ||
| 035 | _a(DLC) 65067784 | ||
| 035 | _a(OCoLC)22563615 | ||
| 040 |
_aDO-SdBNP _cNNC-L _dDLC _dBNPHU |
||
| 082 |
_a340.54 _bC933c |
||
| 100 | 1 |
_aCristóbal-Montés, Ángel. _931513 |
|
| 245 | 1 | 0 |
_aCurso de derecho romano : _bderecho de obligaciones / _cÁngel Cristóbal-Montés. |
| 260 |
_aCaracas : _bFacultad de Derecho, Universidad Central de Venezuela, _c1964. |
||
| 300 |
_a790 p. ; _c22 cm. |
||
| 490 | 1 | _aCursos de derecho | |
| 504 | _aIncluye notas bibliográficas al pie de las páginas. | ||
| 650 | 4 |
_aDerecho romano _xHistoria _98523 |
|
| 650 | 4 |
_aObligacioes (derecho) _934849 |
|
| 650 | 4 |
_aObligaciones (derecho civil) _934850 |
|
| 830 | 0 |
_aCursos de derecho _934851 |
|
| 910 | _aCatalogación por copia / LC | ||
| 999 |
_a1 _n0000084 _c14994 _d14994 |
||
| 049 | _aBNGR | ||